<?xml version="1.0" encoding="UTF-8"?>
<record
    xmlns:xsi="http://www.w3.org/2001/XMLSchema-instance"
    xsi:schemaLocation="http://www.loc.gov/MARC21/slim http://www.loc.gov/standards/marcxml/schema/MARC21slim.xsd"
    xmlns="http://www.loc.gov/MARC21/slim">

  <leader>01673nam a2200313 a 4500</leader>
  <controlfield tag="001"> 0044466</controlfield>
  <controlfield tag="003">DO-SdBNP</controlfield>
  <controlfield tag="005">20180313142048.0</controlfield>
  <controlfield tag="007"> 0044466</controlfield>
  <controlfield tag="008">140702s2014   dr ac         000 0 spa d</controlfield>
  <datafield tag="020" ind1=" " ind2=" ">
    <subfield code="a">9789945472424</subfield>
  </datafield>
  <datafield tag="040" ind1=" " ind2=" ">
    <subfield code="a">BPMSU</subfield>
    <subfield code="b">spa</subfield>
    <subfield code="c">BPMSU</subfield>
  </datafield>
  <datafield tag="082" ind1=" " ind2=" ">
    <subfield code="a">378.53</subfield>
    <subfield code="b">S276f      3ro.    2014</subfield>
  </datafield>
  <datafield tag="100" ind1="1" ind2=" ">
    <subfield code="a"> Sbriz, Luciano </subfield>
  </datafield>
  <datafield tag="245" ind1="1" ind2="0">
    <subfield code="a">F&#xED;sica III :</subfield>
    <subfield code="b">pr&#xE1;cticas de laboratorio  /</subfield>
    <subfield code="c"> Luciano Sbriz</subfield>
  </datafield>
  <datafield tag="260" ind1=" " ind2=" ">
    <subfield code="a">Santo Domingo :</subfield>
    <subfield code="b"> INTEC,</subfield>
    <subfield code="c"> 2014.</subfield>
  </datafield>
  <datafield tag="300" ind1=" " ind2=" ">
    <subfield code="a">102 p. :</subfield>
    <subfield code="b">il. ;</subfield>
    <subfield code="c">28 cm.</subfield>
  </datafield>
  <datafield tag="504" ind1=" " ind2=" ">
    <subfield code="a">Referencias bibliogr&#xE1;ficas : p. 101 </subfield>
  </datafield>
  <datafield tag="505" ind1="0" ind2=" ">
    <subfield code="t">Introducci&#xF3;n --</subfield>
    <subfield code="t">L&#xED;neas de campos el&#xE9;ctrico y l&#xED;neas equipotenciales --</subfield>
    <subfield code="t">Circuitos de resistencias en serie, paralelo y mixta --</subfield>
    <subfield code="t">Ley de Ohm --</subfield>
    <subfield code="t">Relalaci&#xF3;n de carga/masa de electr&#xF3;n --</subfield>
    <subfield code="t">Variaci&#xF3;n de la resistividad con la temperatura --</subfield>
    <subfield code="t">Introducci&#xF3;n  (ley de Faraday) --</subfield>
    <subfield code="t">Campo magn&#xE9;tico creado por una corriente -- </subfield>
    <subfield code="t">Fuerza ejercida por un campo magn&#xE9;tico sobre una corriente --</subfield>
    <subfield code="t">Campo magn&#xE9;tico en un solenoide --</subfield>
    <subfield code="t">Carga y descarga de un condensador --</subfield>
    <subfield code="t">Factores que determinan la resistencia de un conductor --</subfield>
    <subfield code="t">Campo magn&#xE9;tico de una espira --</subfield>
    <subfield code="t">Fuerza electromotriz inducida --</subfield>
    <subfield code="t">Leyes de Kirchhoff --</subfield>
    <subfield code="t">Ley de Faraday y de  Lenz --</subfield>
    <subfield code="t">Tubo de Lenz --</subfield>
  </datafield>
  <datafield tag="650" ind1=" " ind2="4">
    <subfield code="a">F&#xCD;SICA </subfield>
    <subfield code="x">ENSE&#xD1;ANZA SUPERIOR</subfield>
  </datafield>
  <datafield tag="650" ind1=" " ind2="4">
    <subfield code="a">F&#xCD;SICA</subfield>
    <subfield code="x">EDUCACI&#xD3;N SUPERIOR</subfield>
  </datafield>
  <datafield tag="650" ind1=" " ind2="4">
    <subfield code="a">EDUCACI&#xD3;N SUPERIOR</subfield>
    <subfield code="z">REP&#xDA;BLICA DOMINICANA</subfield>
  </datafield>
  <datafield tag="650" ind1=" " ind2="4">
    <subfield code="a">F&#xCD;SICA</subfield>
    <subfield code="x">MANUALES DE LABORATORIO</subfield>
  </datafield>
  <datafield tag="710" ind1="2" ind2=" ">
    <subfield code="4">Instituto Tenol&#xF3;gico de Santo Domingo </subfield>
  </datafield>
  <datafield tag="910" ind1=" " ind2=" ">
    <subfield code="a">Validado. Control de calidad MFF</subfield>
  </datafield>
  <datafield tag="942" ind1=" " ind2=" ">
    <subfield code="2">ddc</subfield>
    <subfield code="c">BK</subfield>
  </datafield>
  <datafield tag="945" ind1=" " ind2=" ">
    <subfield code="a">Remanejado para la BNPHU / 2018 BT</subfield>
  </datafield>
  <datafield tag="952" ind1=" " ind2=" ">
    <subfield code="0">0</subfield>
    <subfield code="1">0</subfield>
    <subfield code="2">ddc</subfield>
    <subfield code="4">0</subfield>
    <subfield code="7">0</subfield>
    <subfield code="a">BPMET</subfield>
    <subfield code="b">BPMET</subfield>
    <subfield code="d">2017-02-20</subfield>
    <subfield code="l">0</subfield>
    <subfield code="o">378.53 S276f      3ro.    2014</subfield>
    <subfield code="p">BPMSU17020044</subfield>
    <subfield code="r">2017-02-20</subfield>
    <subfield code="w">2017-02-20</subfield>
    <subfield code="y">BK</subfield>
  </datafield>
  <datafield tag="956" ind1=" " ind2=" ">
    <subfield code="a">VMATEO</subfield>
    <subfield code="b">10</subfield>
    <subfield code="c">20160511</subfield>
    <subfield code="l">BPMSU</subfield>
    <subfield code="h">0069</subfield>
  </datafield>
  <datafield tag="999" ind1=" " ind2=" ">
    <subfield code="c">10085</subfield>
    <subfield code="d">10085</subfield>
  </datafield>
</record>
